Giraffes can't dance / (Record no. 1986)

MARC details
000 -LEADER
fixed length control field 01108 am a2200349ua 4500
001 - CONTROL NUMBER
control field 1986
003 - CONTROL NUMBER IDENTIFIER
control field FISKH
005 - DATE AND TIME OF LATEST TRANSACTION
control field 20240125144238.0
008 - FIXED-LENGTH DATA ELEMENTS--GENERAL INFORMATION
fixed length control field 010716s1999 enka j| 000 1|eng
015 ## - NATIONAL BIBLIOGRAPHY NUMBER
National bibliography number GB9978577
Source bnb
020 ## - INTERNATIONAL STANDARD BOOK NUMBER
International Standard Book Number 1860399185 :
020 ## - INTERNATIONAL STANDARD BOOK NUMBER
International Standard Book Number 0439287200
035 ## - SYSTEM CONTROL NUMBER
System control number (StEdNL)E2838241
039 0# - LEVEL OF BIBLIOGRAPHIC CONTROL AND CODING DETAIL [OBSOLETE]
Level of rules in bibliographic description 2650
040 ## - CATALOGING SOURCE
Original cataloging agency StEdNL
Modifying agency Uk
Language of cataloging eng
Transcribing agency Uk
050 ## - LIBRARY OF CONGRESS CALL NUMBER
Classification number PZ8.A54865
082 04 - DEWEY DECIMAL CLASSIFICATION NUMBER
Classification number 821.914
Edition number 21
100 1# - MAIN ENTRY--PERSONAL NAME
Personal name Andreae, Giles,
Dates associated with a name 1966-
245 10 - TITLE STATEMENT
Title Giraffes can't dance /
Statement of responsibility, etc. Giles Andreae ; illustrated by Guy Parker-Rees.
250 ## - EDITION STATEMENT
Edition statement First Scholastic Book Club printing, February 2002
260 ## - PUBLICATION, DISTRIBUTION, ETC.
Place of publication, distribution, etc. New York :
Name of publisher, distributor, etc. Scholastic,
Date of publication, distribution, etc. 1999.
300 ## - PHYSICAL DESCRIPTION
Extent 32 unnumbered pages :
Other physical details color illustrations ;
Dimensions 29 cm
336 ## - CONTENT TYPE
Content type term text
Source rdacontent
337 ## - MEDIA TYPE
Media type term unmediated
Source rdamedia
338 ## - CARRIER TYPE
Carrier type term volume
Source rdacarrier
505 ## - FORMATTED CONTENTS NOTE
Formatted contents note M<br/>
520 ## - SUMMARY, ETC.
Summary, etc. Gerald the giraffe is too clumsy to dance with all the other animals at the Jungle Dance, until he finds the right music.
521 8# - TARGET AUDIENCE NOTE
Target audience note 570<br/>
Source Lexile<br/>
521 8# - TARGET AUDIENCE NOTE
Target audience note M<br/>
Source Raz-Plus<br/>
700 1# - ADDED ENTRY--PERSONAL NAME
Personal name Parker-Rees, Guy.
Relator term Author
942 ## - ADDED ENTRY ELEMENTS (KOHA)
Source of classification or shelving scheme Dewey Decimal Classification
Koha item type Books
Suppress in OPAC No
Holdings
Withdrawn status Lost status Source of classification or shelving scheme Damaged status Not for loan Collection Home library Current library Shelving location Date acquired Total Checkouts Full call number Barcode Date due Date last seen Date last checked out Copy number Price effective from Koha item type
    Dewey Decimal Classification     Fiction Footprints International School Library Network Toul Kork Campus Footprints International School Library Network Toul Kork Campus TK Primary Library Room(4th Floor), Bookcase 3&4, Shelves 17-32, Yellow Books 10/24/2023 2 AND 823.92 PZ8.A54865 FISTK01955 04/17/2026 04/03/2026 04/03/2026 1 10/24/2023 Books
    Dewey Decimal Classification     Fiction Footprints International School Library Network Toul Kork Campus Footprints International School Library Network Toul Kork Campus TK Primary Library Room(4th Floor), Bookcase 3&4, Shelves 17-32, Yellow Books 10/24/2023 5 AND 823.92 PZ8.A54865 FISBK00619   10/17/2025 10/03/2025 2 10/24/2023 Books